SISTEMA DE BIBLIOTECAS
Carmen Mendoza De Cornielle

Lineamientos de desarrollo para la ciudad de comendador (Registro nro. 16154)

Detalles MARC
000 -LEADER
fixed length control field 00338nam a2200133Ia 4500
008 - FIXED-LENGTH DATA ELEMENTS--GENERAL INFORMATION
fixed length control field 211105s9999||||xx |||||||||||||| ||und||
082 ## - DEWEY DECIMAL CLASSIFICATION NUMBER
Classification number RD307.760972932 R426C 2000
084 ## - OTHER CLASSIFICATION NUMBER
Item number 10-00177
100 ## - MAIN ENTRY--PERSONAL NAME
Personal name Corral, Julio C.
245 #0 - TITLE STATEMENT
Title Lineamientos de desarrollo para la ciudad de comendador
260 ## - PUBLICATION, DISTRIBUTION, ETC.
Date of publication, distribution, etc. 2000
300 ## - PHYSICAL DESCRIPTION
Extent 0
Existencias
Withdrawn status Lost status Damaged status Not for loan Home library Current library Date acquired Total Checkouts Barcode Date last seen Price effective from Koha item type
      Disponible para préstamo UNIREMHOS SEDE UNIREMHOS SEDE 11/05/2021   UNIREMHOS-SED838 11/05/2021 11/05/2021 Libro
UNIREMHOS

Av. Abraham Lincoln no. 126, casi esq. José Contreras,
Santo Domingo, República Dominicana

Correo: info@uniremhos.edu.do

Tel.: (809) 532-3739

Horario: Lunes a Viernes: 8:00 am - 6:00 pm | Sábados: 8:00 am - 12:00 m

📍 Ubicación
UNEFA

Av. 27 de Febrero no. 52, El Vergel,
Santo Domingo, República Dominicana

Tel.: (809) 530-0224

📍 Ubicación
UFHEC

Av. Máximo Gómez esq. César Nicolás Penson, La Esperilla,
Santo Domingo, República Dominicana

Tel.: (809) 537-6000

📍 Ubicación